[Event "ZH-2023-0-02277"]
[Site "LSS email"]
[Date "2023.06.07"]
[Round "?"]
[White "Farnik, Kym"]
[Black "Ozen, Bahadir"]
[Result "1/2-1/2"]
[WhiteElo "2178"]
[BlackElo "2263"]
[PlyCount "40"]
[EventDate "2023.05.25"]
[EventType "match (corr)"]
[EventRounds "2"]
[EventCountry "GER"]
[SourceTitle "Corr 2024"]
[Source "ChessBase"]
[SourceDate "2023.10.19"]
[SourceVersion "1"]
[SourceVersionDate "2023.10.19"]
[SourceQuality "1"]

1. d4 d5 2. c4 c6 3. Nf3 Nf6 4. e3 e6 5. b3 c5 6. Bb2 cxd4 7. Nxd4 e5 8. Nf3 Nc6 9. Nbd2 d4 10. exd4 e4 11. Qe2 Bf5 12. 0-0-0 Qa5 13. Nh4 Bg4 14. f3 0-0-0 15. Nxe4 Nxe4 16. Qxe4 Bd7 17. c5 Qxa2 18. Bc4 Na5 19. Bxf7 Nxb3+ 20. Kc2 Nxd4+ 1/2-1/2

[Event "RM-2023-0-00283"]
[Site "LSS email"]
[Date "2023.05.05"]
[Round "?"]
[White "Susla, Vitaliy"]
[Black "Farnik, Kym"]
[Result "1/2-1/2"]
[WhiteElo "2262"]
[BlackElo "2152"]
[PlyCount "57"]
[EventDate "2023.03.04"]
[EventType "tourn (corr)"]
[EventRounds "6"]
[EventCountry "GER"]
[SourceTitle "Corr 2024"]
[Source "ChessBase"]
[SourceDate "2023.10.19"]
[SourceVersion "1"]
[SourceVersionDate "2023.10.19"]
[SourceQuality "1"]

1. e4 c5 2. Nf3 d6 3. d4 cxd4 4. Nxd4 Nf6 5. Nc3 a6 6. h3 e6 7. g4 h6 8. Bg2 Be7 9. Be3 Nc6 10. f4 Nd7 11. 0-0 Nxd4 12. Qxd4 0-0 13. Qd2 Rb8 14. Ne2 e5 15. Rad1 b5 16. Ng3 exf4 17. Bxf4 Ne5 18. b3 Rb7 19. Nf5 Rd7 20. Rf2 Re8 21. Qe3 Ng6 22. Bg3 Bf8 23. Kh2 Ne5 24. Rfd2 Bb7 25. Qc3 Qf6 26. Qe3 Re6 27. Bh4 Qg6 28. Qe2 Re8 29. Kh1 1/2-1/2

[Event "RM-2023-0-00282"]
[Site "LSS email"]
[Date "2023.04.09"]
[Round "?"]
[White "Farnik, Kym"]
[Black "Baltar, Antoni"]
[Result "1/2-1/2"]
[WhiteElo "2152"]
[BlackElo "2242"]
[PlyCount "67"]
[EventDate "2023.02.05"]
[EventType "tourn (corr)"]
[EventRounds "6"]
[EventCountry "GER"]
[SourceTitle "Corr 2024"]
[Source "ChessBase"]
[SourceDate "2023.10.19"]
[SourceVersion "1"]
[SourceVersionDate "2023.10.19"]
[SourceQuality "1"]

1. Nf3 Nf6 2. g3 d5 3. Bg2 c6 4. 0-0 Bg4 5. h3 Bh5 6. d4 e6 7. c4 Nbd7 8. cxd5 exd5 9. Nc3 Bd6 10. Nd2 0-0 11. g4 Bg6 12. f4 h6 13. f5 Bh7 14. e4 Nxe4 15. Ndxe4 dxe4 16. Nxe4 Nf6 17. Nxd6 Qxd6 18. Bf4 Qd7 19. Qb3 Rfe8 20. Rfd1 a5 21. d5 Nxd5 22. Bxd5 cxd5 23. Rxd5 Qc6 24. Rc1 a4 25. Qb5 Qf6 26. Rc2 Qh4 27. Kh2 h5 28. Bg3 Qg5 29. Qb4 Kh8 30. a3 Rac8 31. Rg2 hxg4 32. Qxg4 Qxg4 33. hxg4 f6 34. Rdd2 1/2-1/2

[Event "RM-2023-0-00282"]
[Site "LSS email"]
[Date "2023.04.09"]
[Round "?"]
[White "Farnik, Kym"]
[Black "Canizares Cuadra, Pedro"]
[Result "1/2-1/2"]
[WhiteElo "2152"]
[BlackElo "2351"]
[PlyCount "53"]
[EventDate "2023.02.05"]
[EventType "tourn (corr)"]
[EventRounds "6"]
[EventCountry "GER"]
[SourceTitle "Corr 2024"]
[Source "ChessBase"]
[SourceDate "2023.10.19"]
[SourceVersion "1"]
[SourceVersionDate "2023.10.19"]
[SourceQuality "1"]

1. Nf3 Nf6 2. g3 d5 3. Bg2 c6 4. 0-0 Bg4 5. h3 Bh5 6. d4 e6 7. c4 Nbd7 8. cxd5 exd5 9. Nc3 Bd6 10. Nd2 Bg6 11. e4 dxe4 12. Ndxe4 Nxe4 13. Nxe4 Bxe4 14. Bxe4 Nf6 15. Bf3 0-0 16. h4 Re8 17. Qc2 Bf8 18. Rd1 g6 19. a4 Qd7 20. a5 a6 21. Qb3 h5 22. Bg5 Nd5 23. Rac1 Be7 24. Bxe7 Rxe7 25. Bxd5 cxd5 26. Kg2 Rae8 27. Rd3 1/2-1/2

[Event "RA-2023-0-00721"]
[Site "LSS email"]
[Date "2023.04.09"]
[Round "?"]
[White "Farnik, Kym"]
[Black "Ruano Casanova, Enrique"]
[Result "1/2-1/2"]
[WhiteElo "2153"]
[BlackElo "2112"]
[PlyCount "58"]
[EventDate "2022.12.16"]
[EventType "tourn (corr)"]
[EventRounds "6"]
[EventCountry "GER"]
[SourceTitle "Corr 2024"]
[Source "ChessBase"]
[SourceDate "2023.10.19"]
[SourceVersion "1"]
[SourceVersionDate "2023.10.19"]
[SourceQuality "1"]

1. Nf3 d5 2. g3 Nf6 3. Bg2 c6 4. 0-0 Bg4 5. h3 Bh5 6. c4 e6 7. d4 Nbd7 8. cxd5 exd5 9. Nc3 Bd6 10. Nd2 Bg6 11. e4 dxe4 12. Ndxe4 Nxe4 13. Nxe4 Bxe4 14. Bxe4 Nf6 15. Bf3 0-0 16. Kg2 Re8 17. Qb3 Qb6 18. Qc4 Rad8 19. Rd1 a6 20. h4 h6 21. h5 Be7 22. Rd3 Rd7 23. Rb3 Qd8 24. Rd3 Qa5 25. Bd2 Qb5 26. b3 Red8 27. Bc3 Nd5 28. Bb2 Qa5 29. a4 Bb4 1/2-1/2

[Event "RM-2023-0-00282"]
[Site "LSS email"]
[Date "2023.04.09"]
[Round "?"]
[White "Zholob, Anatolij"]
[Black "Farnik, Kym"]
[Result "1/2-1/2"]
[WhiteElo "2219"]
[BlackElo "2152"]
[PlyCount "62"]
[EventDate "2023.02.05"]
[EventType "tourn (corr)"]
[EventRounds "6"]
[EventCountry "GER"]
[SourceTitle "Corr 2024"]
[Source "ChessBase"]
[SourceDate "2023.10.19"]
[SourceVersion "1"]
[SourceVersionDate "2023.10.19"]
[SourceQuality "1"]

1. d4 Nf6 2. c4 g6 3. Nf3 Bg7 4. Nc3 d5 5. cxd5 Nxd5 6. e3 0-0 7. Bc4 Nxc3 8. bxc3 c5 9. 0-0 Qc7 10. Qe2 Nc6 11. Ba3 b6 12. Rad1 Bf5 13. Rfe1 Na5 14. Ba6 Rfd8 15. e4 Bc8 16. Bxc8 Raxc8 17. h4 cxd4 18. cxd4 Nc4 19. Bc1 h6 20. d5 Bc3 21. Rf1 Nd6 22. Bxh6 Qc4 23. Qxc4 Rxc4 24. e5 Ne4 25. Be3 f6 26. d6 exd6 27. exf6 Bxf6 28. Bd4 Bxd4 29. Rxd4 Rxd4 30. Nxd4 Nc3 31. a3 Rc8 1/2-1/2

[Event "RA-2023-0-00720"]
[Site "LSS email"]
[Date "2023.03.08"]
[Round "?"]
[White "Schubert, Steffen"]
[Black "Farnik, Kym"]
[Result "1/2-1/2"]
[WhiteElo "2039"]
[BlackElo "2138"]
[PlyCount "44"]
[EventDate "2022.11.28"]
[EventType "tourn (corr)"]
[EventRounds "6"]
[EventCountry "GER"]
[SourceTitle "Corr 2024"]
[Source "ChessBase"]
[SourceDate "2023.10.19"]
[SourceVersion "1"]
[SourceVersionDate "2023.10.19"]
[SourceQuality "1"]

1. e4 c5 2. Nf3 d6 3. d4 cxd4 4. Nxd4 Nf6 5. Nc3 a6 6. Be2 e5 7. Nb3 Be7 8. 0-0 0-0 9. Be3 Be6 10. Qd3 Nbd7 11. Nd5 Bxd5 12. exd5 Rc8 13. c4 a5 14. Kh1 g6 15. Rae1 Ne8 16. f4 f5 17. fxe5 dxe5 18. d6 Nxd6 19. Rd1 Rc7 20. Nxa5 Qa8 21. Qd5+ Nf7 22. Qb5 Nd6 1/2-1/2

[Event "RA-2022-0-00716"]
[Site "LSS email"]
[Date "2022.11.22"]
[Round "?"]
[White "Farnik, Kym"]
[Black "Simonov, Nikolaj"]
[Result "1/2-1/2"]
[WhiteElo "2146"]
[BlackElo "2072"]
[PlyCount "49"]
[EventDate "2022.07.23"]
[EventType "tourn (corr)"]
[EventRounds "6"]
[EventCountry "GER"]
[SourceTitle "Corr 2024"]
[Source "ChessBase"]
[SourceDate "2023.10.19"]
[SourceVersion "1"]
[SourceVersionDate "2023.10.19"]
[SourceQuality "1"]

1. Nf3 Nf6 2. g3 b5 3. Bg2 Bb7 4. 0-0 e6 5. d4 c5 6. Na3 a6 7. c4 Qb6 8. Be3 b4 9. Nc2 a5 10. d5 h6 11. Bf4 exd5 12. Re1 d6 13. e4 dxe4 14. Nd2 Nbd7 15. Nxe4 Nxe4 16. Bxe4 0-0-0 17. Bxb7+ Qxb7 18. Ne3 Nb6 19. g4 a4 20. Bg3 g6 21. Bh4 Bg7 22. Bxd8 Rxd8 23. Rb1 Be5 24. b3 a3 25. Nd5 1/2-1/2

[Event "RA-2022-0-00715"]
[Site "LSS email"]
[Date "2022.11.07"]
[Round "?"]
[White "Billio, Maria"]
[Black "Farnik, Kym"]
[Result "1/2-1/2"]
[WhiteElo "2122"]
[BlackElo "2117"]
[PlyCount "64"]
[EventDate "2022.06.12"]
[EventType "tourn (corr)"]
[EventRounds "6"]
[EventCountry "GER"]
[SourceTitle "Corr 2024"]
[Source "ChessBase"]
[SourceDate "2023.10.19"]
[SourceVersion "1"]
[SourceVersionDate "2023.10.19"]
[SourceQuality "1"]

1. d4 Nf6 2. c4 g6 3. f3 Bg7 4. e4 c5 5. d5 d6 6. Nc3 e6 7. Bg5 exd5 8. cxd5 0-0 9. Qd2 a6 10. a4 h6 11. Be3 Re8 12. Be2 h5 13. Bh6 Bh8 14. Bf4 Bg7 15. Ra3 b6 16. h4 Qc7 17. b3 Nh7 18. Nh3 Qe7 19. Nf2 f5 20. Ra2 Nd7 21. Kf1 Bb7 22. Rh3 Ne5 23. exf5 gxf5 24. Nd3 Ng6 25. Bh6 Bxh6 26. Qxh6 Qg7 27. Qxg7+ Kxg7 28. Kf2 Nf6 29. Rd2 Kh6 30. Nc1 Reb8 31. Rh1 Bc8 32. Ra2 Bd7 1/2-1/2

[Event "RA-2022-0-00715"]
[Site "LSS email"]
[Date "2022.11.07"]
[Round "?"]
[White "Langheld, Werner"]
[Black "Farnik, Kym"]
[Result "0-1"]
[WhiteElo "2034"]
[BlackElo "2117"]
[PlyCount "112"]
[EventDate "2022.06.12"]
[EventType "tourn (corr)"]
[EventRounds "6"]
[EventCountry "GER"]
[SourceTitle "Corr 2024"]
[Source "ChessBase"]
[SourceDate "2023.10.19"]
[SourceVersion "1"]
[SourceVersionDate "2023.10.19"]
[SourceQuality "1"]

1. e4 c5 2. b4 cxb4 3. a3 d5 4. exd5 Qxd5 5. Nf3 e6 6. Bb2 Nf6 7. Bd3 Nc6 8. 0-0 Be7 9. Re1 0-0 10. Ne5 Bd7 11. axb4 Nxb4 12. Nc3 Qd4 13. Be4 Qb6 14. Nxd7 Nxd7 15. Re3 g6 16. Na4 Qc7 17. Rc3 Nc6 18. Qf3 Rfc8 19. Qh3 Bf6 20. Bxc6 bxc6 21. Rca3 e5 22. R3a2 Bg7 23. Qe3 Rcb8 24. h3 a5 25. Bc3 Rb5 26. Qe1 Nf6 27. d3 Nd5 28. Bd2 Nb4 29. Bxb4 axb4 30. Nb2 Rd8 31. Qe4 b3 32. cxb3 Rxb3 33. Ra7 Rb7 34. R7a2 Rd4 35. Qe2 e4 36. Re1 Qd8 37. dxe4 Rd2 38. Rd1 Rxe2 39. Rxd8+ Bf8 40. Raa8 Rbxb2 41. Rxf8+ Kg7 42. Rg8+ Kf6 43. e5+ Kxe5 44. Rge8+ Kd6 45. Rad8+ Kc7 46. Rc8+ Kd6 47. Rcd8+ Kc7 48. Rc8+ Kb6 49. Rb8+ Ka5 50. Ra8+ Kb4 51. Reb8+ Kc4 52. Rxb2 Rxb2 53. Ra7 Rb1+ 54. Kh2 c5 55. Rxf7 Rb4 56. Rc7 Kd4 0-1

[Event "RA-2022-0-00713"]
[Site "LSS email"]
[Date "2022.08.04"]
[Round "?"]
[White "Rich, Albert"]
[Black "Farnik, Kym"]
[Result "0-1"]
[WhiteElo "2171"]
[BlackElo "2123"]
[PlyCount "82"]
[EventDate "2022.04.13"]
[EventType "tourn (corr)"]
[EventRounds "6"]
[EventCountry "GER"]
[SourceTitle "Corr 2024"]
[Source "ChessBase"]
[SourceDate "2023.10.19"]
[SourceVersion "1"]
[SourceVersionDate "2023.10.19"]
[SourceQuality "1"]

1. Nf3 Nf6 2. d4 d5 3. c4 e6 4. Nc3 Bb4 5. cxd5 exd5 6. Bg5 Nbd7 7. e3 h6 8. Bxf6 Qxf6 9. a3 Bxc3+ 10. bxc3 0-0 11. Bd3 b6 12. h3 c5 13. 0-0 Qd6 14. a4 Re8 15. Qe2 Bb7 16. Rfd1 a6 17. Bc2 Rab8 18. Nh4 g6 19. Qg4 Kf8 20. Nf3 a5 21. Bd3 Bc6 22. Qf4 Qxf4 23. exf4 Ra8 24. Bc2 Reb8 25. Ra2 Rb7 26. f5 g5 27. g4 cxd4 28. cxd4 b5 29. axb5 Bxb5 30. Rb1 Rbb8 31. Ne5 Nxe5 32. dxe5 d4 33. Rab2 Rc8 34. Be4 Bc6 35. Bxc6 Rxc6 36. Rb7 Rd8 37. e6 fxe6 38. Rh7 Kg8 39. Rbb7 exf5 40. Rbg7+ Kf8 41. Rf7+ Kg8 0-1

[Event "RA-2022-0-00713"]
[Site "LSS email"]
[Date "2022.08.03"]
[Round "?"]
[White "Pilgram, Kurt"]
[Black "Farnik, Kym"]
[Result "1/2-1/2"]
[WhiteElo "2177"]
[BlackElo "2123"]
[PlyCount "62"]
[EventDate "2022.04.13"]
[EventType "tourn (corr)"]
[EventRounds "6"]
[EventCountry "GER"]
[SourceTitle "Corr 2024"]
[Source "ChessBase"]
[SourceDate "2023.10.19"]
[SourceVersion "1"]
[SourceVersionDate "2023.10.19"]
[SourceQuality "1"]

1. e4 c5 2. Nf3 d6 3. d4 cxd4 4. Nxd4 Nf6 5. Nc3 a6 6. f3 e5 7. Nb3 Be6 8. Be3 h5 9. Nd5 Bxd5 10. exd5 Nbd7 11. Qd2 g6 12. 0-0-0 Nb6 13. Kb1 Nbxd5 14. Bg5 Be7 15. Bd3 Qc7 16. Rhe1 Nb6 17. Qf2 0-0 18. h4 Nbd7 19. c3 Rfe8 20. g4 d5 21. Bc1 Bd6 22. Rf1 Re6 23. g5 Ne8 24. Be3 a5 25. a4 Qd8 26. Bc2 Nc7 27. f4 exf4 28. Bxf4 Bxf4 29. Qxf4 Re7 30. Nd4 Rc8 31. Rde1 Rxe1+ 1/2-1/2

[Event "RA-2022-0-00712"]
[Site "LSS email"]
[Date "2022.07.11"]
[Round "?"]
[White "Farnik, Kym"]
[Black "Oliger, Mark"]
[Result "1/2-1/2"]
[WhiteElo "2125"]
[BlackElo "2090"]
[PlyCount "53"]
[EventDate "2022.03.29"]
[EventType "tourn (corr)"]
[EventRounds "6"]
[EventCountry "GER"]
[SourceTitle "Corr 2024"]
[Source "ChessBase"]
[SourceDate "2023.10.19"]
[SourceVersion "1"]
[SourceVersionDate "2023.10.19"]
[SourceQuality "1"]

1. Nf3 Nf6 2. g3 d5 3. Bg2 e6 4. d4 b5 5. a4 b4 6. 0-0 Be7 7. c4 bxc3 8. Nxc3 0-0 9. Ne5 Nfd7 10. e4 c6 11. Nd3 a5 12. Re1 Ba6 13. h4 Ra7 14. Rb1 h6 15. Be3 Rb7 16. Bf1 dxe4 17. Nxe4 Bc4 18. b3 Bd5 19. Nc3 Na6 20. Nxd5 cxd5 21. Kg2 Nf6 22. Ne5 Nb4 23. Rc1 Rc7 24. Qe2 Rb7 25. Qf3 Na2 26. Ra1 Nb4 27. Rac1 1/2-1/2

[Event "RA-2022-0-00711"]
[Site "LSS email"]
[Date "2022.06.04"]
[Round "?"]
[White "Salzmann, Stefan"]
[Black "Farnik, Kym"]
[Result "1/2-1/2"]
[WhiteElo "2129"]
[BlackElo "2126"]
[PlyCount "52"]
[EventDate "2022.03.20"]
[EventType "tourn (corr)"]
[EventRounds "6"]
[EventCountry "GER"]
[SourceTitle "Corr 2024"]
[Source "ChessBase"]
[SourceDate "2023.10.19"]
[SourceVersion "1"]
[SourceVersionDate "2023.10.19"]
[SourceQuality "1"]

1. Nf3 Nf6 2. g3 c5 3. Bg2 Nc6 4. c4 d5 5. cxd5 Nxd5 6. Nc3 g6 7. 0-0 Bg7 8. Nxd5 Qxd5 9. d3 0-0 10. Be3 Bd7 11. Nd4 Qd6 12. Nxc6 Bxc6 13. Bxc6 Qxc6 14. Rc1 Qe6 15. Rxc5 Qxa2 16. Rb5 b6 17. Qa1 Qe6 18. Qa4 Rfb8 19. Ra1 a6 20. Rb3 f5 21. Qa2 b5 22. Bc5 a5 23. Rxb5 Qxa2 24. Rxb8+ Rxb8 25. Rxa2 Rxb2 26. Rxa5 Rxe2 1/2-1/2

[Event "RA-2022-0-00710"]
[Site "LSS email"]
[Date "2022.05.28"]
[Round "?"]
[White "Celan, Melissa"]
[Black "Farnik, Kym"]
[Result "1/2-1/2"]
[WhiteElo "2065"]
[BlackElo "2130"]
[PlyCount "170"]
[EventDate "2022.02.20"]
[EventType "tourn (corr)"]
[EventRounds "6"]
[EventCountry "GER"]
[SourceTitle "Corr 2024"]
[Source "ChessBase"]
[SourceDate "2023.10.19"]
[SourceVersion "1"]
[SourceVersionDate "2023.10.19"]
[SourceQuality "1"]

1. d4 Nf6 2. c4 g6 3. Nc3 d5 4. cxd5 Nxd5 5. e4 Nxc3 6. bxc3 Bg7 7. Bc4 c5 8. Ne2 0-0 9. Be3 Nc6 10. 0-0 b6 11. Rc1 Bb7 12. Bb5 Rc8 13. Bxc6 Rxc6 14. d5 Rd6 15. c4 e6 16. Qa4 Rd7 17. Bg5 Qc8 18. Be3 Re8 19. Rfd1 exd5 20. exd5 Qd8 21. Bg5 Qc8 22. Ng3 h6 23. Be3 Qd8 24. Qb3 Bc8 25. a4 f5 26. Bd2 Qh4 27. Nf1 f4 28. Re1 Rde7 29. Rxe7 Rxe7 30. Qf3 Bd4 31. Bxf4 Bg4 32. Qg3 Qxg3 33. Bxg3 Bd7 34. Nd2 Bxa4 35. Kf1 b5 36. d6 Re8 37. f3 b4 38. Bf2 Be5 39. Bxc5 a5 40. Bb6 Ra8 41. Bc5 Bc6 42. Kf2 h5 43. Rd1 a4 44. f4 Bf6 45. Bxb4 a3 46. Bxa3 Rxa3 47. Nf3 Kf7 48. d7 Bxf3 49. gxf3 Bd8 50. c5 Ra6 51. Re1 Re6 52. Re5 Kf6 53. Rd5 h4 54. Rg5 Rc6 55. Kg2 Ke7 56. Kh3 Kxd7 57. Rd5+ Kc8 58. f5 gxf5 59. Rxf5 Ra6 60. Rf7 Bf6 61. Kg4 Kd8 62. Rb7 Ra2 63. Rf7 Be7 64. Kh3 Rc2 65. Rf5 Rc3 66. Kg4 Rc2 67. Kh3 Kd7 68. f4 Rf2 69. Rd5+ Ke8 70. Rf5 Kd7 71. Rd5+ Ke6 72. Re5+ Kf7 73. Re4 Rc2 74. c6 Rc3+ 75. Kg4 Rxc6 76. Re2 Rg6+ 77. Kf3 Ra6 78. Kg4 Ra1 79. Kh3 Bf6 80. Kg4 Kg6 81. Rg2 Rc1 82. Ra2 Rg1+ 83. Kf3 Kh5 84. Ra5+ Kg6 85. Ra2 Rc1 1/2-1/2

[Event "RA-2022-0-00710"]
[Site "LSS email"]
[Date "2022.05.25"]
[Round "?"]
[White "Farnik, Kym"]
[Black "Martin, Simone"]
[Result "1/2-1/2"]
[WhiteElo "2130"]
[BlackElo "2199"]
[PlyCount "136"]
[EventDate "2022.02.20"]
[EventType "tourn (corr)"]
[EventRounds "6"]
[EventCountry "GER"]
[SourceTitle "Corr 2024"]
[Source "ChessBase"]
[SourceDate "2023.10.19"]
[SourceVersion "1"]
[SourceVersionDate "2023.10.19"]
[SourceQuality "1"]

1. c4 e5 2. g3 Nf6 3. Bg2 d5 4. cxd5 Nxd5 5. Nf3 Nc6 6. 0-0 Nb6 7. b3 Be6 8. Bb2 f6 9. d4 e4 10. Ne1 f5 11. f3 exf3 12. Nxf3 Be7 13. Nbd2 Nd5 14. Nc4 0-0 15. Qd3 a5 16. a3 Kh8 17. e3 Qe8 18. Rae1 Rd8 19. Ncd2 Bg8 20. Nc4 Qh5 21. Re2 Qh6 22. Ncd2 Be6 23. Nc4 b5 24. Ncd2 Bg8 25. Rc1 b4 26. a4 Nc3 27. Bxc3 bxc3 28. Qxc3 Nb4 29. Nc4 Nd5 30. Qd3 Bb4 31. Nh4 Ne7 32. Rf1 g6 33. Nf3 c5 34. Kh1 cxd4 35. exd4 Nc6 36. Nce5 Ne7 37. Nc4 Nc6 38. Nce5 Ne7 39. Nd2 f4 40. g4 Nd5 41. Ndc4 Kg7 42. Bf3 Rc8 43. Rc1 Rc7 44. Rec2 Qh4 45. Rg1 Qg5 46. Rgc1 Rfc8 47. Be4 Be7 48. h4 Qxh4+ 49. Rh2 Qg5 50. Rg1 Kf8 51. Nf3 Qf6 52. Nfe5 Qg5 53. Qh3 Bb4 54. Nf3 Qe7 55. Nce5 Qf6 56. g5 Qe6 57. Qh4 Ke7 58. Bxd5 Qxd5 59. Qxf4 Kd8 60. Re2 Rc3 61. Kg2 Kc7 62. Rc1 Kb7 63. Rxc3 Rxc3 64. Nc4 Rxb3 65. Re8 Qxf3+ 66. Qxf3+ Rxf3 67. Nxa5+ Bxa5 68. Kxf3 Bb3 1/2-1/2

[Event "RA-2022-0-00709"]
[Site "LSS email"]
[Date "2022.04.07"]
[Round "?"]
[White "Martin, Simone"]
[Black "Farnik, Kym"]
[Result "1/2-1/2"]
[WhiteElo "2193"]
[BlackElo "2104"]
[PlyCount "54"]
[EventDate "2022.02.11"]
[EventType "tourn (corr)"]
[EventRounds "6"]
[EventCountry "GER"]
[SourceTitle "Corr 2024"]
[Source "ChessBase"]
[SourceDate "2023.10.19"]
[SourceVersion "1"]
[SourceVersionDate "2023.10.19"]
[SourceQuality "1"]

1. Nf3 d5 2. b3 Bf5 3. Bb2 e6 4. d3 h6 5. Nbd2 Nf6 6. g3 Bc5 7. Bg2 0-0 8. 0-0 a5 9. a3 c6 10. Re1 Qb6 11. e3 Nbd7 12. Qe2 Rfd8 13. e4 Bh7 14. a4 Bb4 15. e5 Ne8 16. g4 Nc7 17. h4 Qc5 18. Qd1 Bc3 19. d4 Qb4 20. Bxc3 Qxc3 21. Rc1 f6 22. exf6 gxf6 23. b4 Kh8 24. Re3 Qxb4 25. Rb1 Qxa4 26. Rxb7 Rdc8 27. Qe2 Rab8 1/2-1/2

[Event "RA-2022-0-00708"]
[Site "LSS email"]
[Date "2022.03.20"]
[Round "?"]
[White "Baltar, Antoni"]
[Black "Farnik, Kym"]
[Result "1/2-1/2"]
[WhiteElo "2072"]
[BlackElo "2115"]
[PlyCount "72"]
[EventDate "2022.01.28"]
[EventType "tourn (corr)"]
[EventRounds "6"]
[EventCountry "GER"]
[SourceTitle "Corr 2024"]
[Source "ChessBase"]
[SourceDate "2023.10.19"]
[SourceVersion "1"]
[SourceVersionDate "2023.10.19"]
[SourceQuality "1"]

1. e4 c6 2. d4 d5 3. e5 Bf5 4. Nf3 e6 5. Be2 Ne7 6. 0-0 c5 7. c4 Nbc6 8. Na3 a6 9. dxc5 d4 10. Qa4 Ng6 11. Rd1 Bxc5 12. b4 Ba7 13. c5 0-0 14. Nc4 d3 15. Bg5 Qd5 16. Ne3 Qe4 17. Bxd3 Qxb4 18. Qxb4 Nxb4 19. Bxf5 exf5 20. h4 Rfe8 21. Nxf5 Bxc5 22. Nd6 Re6 23. Nxb7 Bf8 24. Nd8 Re8 25. a3 Nc2 26. Rac1 Nxa3 27. Nc6 h6 28. Be3 Nb5 29. h5 Ne7 30. Na5 Red8 31. Rxd8 Rxd8 32. Kf1 Nd5 33. Bd2 Kh7 34. Rc4 f6 35. Ra4 Ndc3 36. Rc4 Nd5 1/2-1/2

[Event "RA-2022-0-00707"]
[Site "LSS email"]
[Date "2022.03.13"]
[Round "?"]
[White "Detchin, Yrij"]
[Black "Farnik, Kym"]
[Result "1/2-1/2"]
[WhiteElo "2043"]
[BlackElo "2119"]
[PlyCount "49"]
[EventDate "2022.01.21"]
[EventType "tourn (corr)"]
[EventRounds "6"]
[EventCountry "GER"]
[SourceTitle "Corr 2024"]
[Source "ChessBase"]
[SourceDate "2023.10.19"]
[SourceVersion "1"]
[SourceVersionDate "2023.10.19"]
[SourceQuality "1"]

1. e4 c5 2. Nf3 d6 3. d4 cxd4 4. Nxd4 Nf6 5. Nc3 a6 6. f3 e5 7. Nb3 Be6 8. Be3 h5 9. Nd5 Bxd5 10. exd5 Nbd7 11. Qd2 g6 12. 0-0-0 Nb6 13. Kb1 Nbxd5 14. Bg5 Be7 15. Bd3 Qc7 16. Rhe1 Nb6 17. a4 Nbd7 18. a5 0-0-0 19. Be3 Kb8 20. Bg1 d5 21. c3 Bd6 22. Qf2 Qc6 23. Rc1 Rhe8 24. Red1 Qa4 25. Bc2 1/2-1/2

[Event "RA-2022-0-00707"]
[Site "LSS email"]
[Date "2022.03.12"]
[Round "?"]
[White "Baltar, Antoni"]
[Black "Farnik, Kym"]
[Result "1/2-1/2"]
[WhiteElo "2074"]
[BlackElo "2119"]
[PlyCount "68"]
[EventDate "2022.01.21"]
[EventType "tourn (corr)"]
[EventRounds "6"]
[EventCountry "GER"]
[SourceTitle "Corr 2024"]
[Source "ChessBase"]
[SourceDate "2023.10.19"]
[SourceVersion "1"]
[SourceVersionDate "2023.10.19"]
[SourceQuality "1"]

1. e4 c5 2. Nf3 d6 3. d4 cxd4 4. Nxd4 Nf6 5. Nc3 a6 6. Bg5 e6 7. f4 Qb6 8. Qd2 Qxb2 9. Rb1 Qa3 10. e5 dxe5 11. fxe5 h6 12. Bh4 Nfd7 13. Ne4 Qxa2 14. Rd1 Qd5 15. Qe3 Qxe5 16. Be2 Bc5 17. Bg3 Qd5 18. c4 Bxd4 19. Rxd4 Qa5+ 20. Rd2 0-0 21. Bd6 f5 22. Bxf8 Nxf8 23. Nd6 Nbd7 24. g4 fxg4 25. Bxg4 Ne5 26. Rg1 Bd7 27. Nxb7 Nxg4 28. Rxg4 Qf5 29. Rdg2 Qb1+ 30. Ke2 g5 31. Rxg5+ hxg5 32. Qxg5+ Ng6 33. Qxg6+ Qxg6 34. Rxg6+ Kf7 1/2-1/2

[Event "RA-2022-0-00706"]
[Site "LSS email"]
[Date "2022.02.08"]
[Round "?"]
[White "Ruano Casanova, Enrique"]
[Black "Farnik, Kym"]
[Result "1/2-1/2"]
[WhiteElo "2079"]
[BlackElo "2136"]
[PlyCount "78"]
[EventDate "2022.01.15"]
[EventType "tourn (corr)"]
[EventRounds "6"]
[EventCountry "GER"]
[SourceTitle "Corr 2024"]
[Source "ChessBase"]
[SourceDate "2023.10.19"]
[SourceVersion "1"]
[SourceVersionDate "2023.10.19"]
[SourceQuality "1"]

1. e4 c5 2. Nf3 d6 3. d4 cxd4 4. Nxd4 Nf6 5. Nc3 a6 6. Be3 e5 7. Nb3 Be7 8. f3 Be6 9. Qd2 0-0 10. 0-0-0 Nbd7 11. g4 b5 12. g5 Nh5 13. Nd5 Bxd5 14. exd5 f6 15. gxf6 Bxf6 16. Na5 Qe8 17. Kb1 Bd8 18. Nb7 Bc7 19. Qc3 Qb8 20. Qc6 Rxf3 21. Bg1 Rf8 22. c4 bxc4 23. Bxc4 Nhf6 24. Be2 Rc8 25. Rc1 e4 26. Bd4 Bb6 27. Qxc8+ Qxc8 28. Rxc8+ Rxc8 29. Nxd6 Ra8 30. Rd1 Bc7 31. Bxf6 Nxf6 32. Nb7 Ra7 33. d6 Bb6 34. d7 Rxb7 35. d8Q+ Bxd8 36. Rxd8+ Kf7 37. Bxa6 Ke7 38. Bxb7 Kxd8 39. Kc2 g5 1/2-1/2